Baremos, seguros y derecho de daños

Αποθηκεύτηκε σε:
Λεπτομέρειες βιβλιογραφικής εγγραφής
Κύριος συγγραφέας: Pintos Ager, Jesús (autor)
Μορφή: Βιβλίο
Γλώσσα:Ισπανικά
Έκδοση: Madrid, España Civitas 2000
Έκδοση:1a. ed
Σειρά:Monografías
Θέματα:
Ετικέτες: Προσθήκη ετικέτας
Δεν υπάρχουν, Καταχωρήστε ετικέτα πρώτοι!

MARC

LEADER 00000nam a2200000 a 4500
001 UCL8030
003 CL-VaPUC
005 20210422155056.0
008 040611e20000000SP |||||||||||||||||spa|d
999 |c 309516  |d 309514 
020 |a 8447013952 
040 |c Pontificia Universidad Católica de Valparaíso 
082 0 4 |a 346.460322 PIN 2000  |2 21 
100 0 |a Pintos Ager, Jesús  |e autor  |9 485947 
245 1 0 |a Baremos, seguros y derecho de daños 
250 |a 1a. ed 
260 0 3 |a Madrid, España  |b Civitas  |c 2000 
300 |a 526 páginas 
490 0 |a Monografías 
583 |a last modification  |c 20040611 00:00:00  |k Rodrigo Vera 
650 0 |a Accidentes  |9 351162 
650 7 |a RESPONSABILIDAD CIVIL  |2 CL-VaPUC  |9 485948 
650 7 |a DAÑOS Y PERJUICIOS  |2 CL-VaPUC  |9 485949 
942 |c BK  |2 ddc 
945 |d 20040611 00:00:00  |a cmena 
952 |0 0  |1 0  |2 ddc  |4 0  |6 346_460322000000000_PIN_2000  |7 0  |8 A  |9 377016  |a BIBDER  |b BIBDER  |d 2019-11-21  |i 4024621  |o 346.460322 PIN 2000  |p 4024621  |r 2019-11-21  |t 1  |w 2019-11-21  |y BK  |k DER